<?xml version="1.0" encoding="UTF-8"?>
<record
    xmlns:xsi="http://www.w3.org/2001/XMLSchema-instance"
    xsi:schemaLocation="http://www.loc.gov/MARC21/slim http://www.loc.gov/standards/marcxml/schema/MARC21slim.xsd"
    xmlns="http://www.loc.gov/MARC21/slim">

  <leader>01643mam a22004214a 4500</leader>
  <controlfield tag="001">3421695</controlfield>
  <controlfield tag="005">20220326193338.0</controlfield>
  <controlfield tag="008">020627s2002    mx a     bc   000 0 spa  </controlfield>
  <datafield tag="010" ind1=" " ind2=" ">
    <subfield code="a">  2002426024</subfield>
  </datafield>
  <datafield tag="020" ind1=" " ind2=" ">
    <subfield code="a">9701879139</subfield>
  </datafield>
  <datafield tag="035" ind1=" " ind2=" ">
    <subfield code="a">(OCoLC)51323357</subfield>
  </datafield>
  <datafield tag="035" ind1=" " ind2=" ">
    <subfield code="a">(OCoLC)ocm51323357</subfield>
  </datafield>
  <datafield tag="035" ind1=" " ind2=" ">
    <subfield code="a">(NNC)3421695</subfield>
  </datafield>
  <datafield tag="040" ind1=" " ind2=" ">
    <subfield code="a">DLC</subfield>
    <subfield code="c">DLC</subfield>
  </datafield>
  <datafield tag="041" ind1="0" ind2=" ">
    <subfield code="a">spaeng</subfield>
  </datafield>
  <datafield tag="042" ind1=" " ind2=" ">
    <subfield code="a">pcc</subfield>
  </datafield>
  <datafield tag="043" ind1=" " ind2=" ">
    <subfield code="a">n-mx---</subfield>
  </datafield>
  <datafield tag="082" ind1=" " ind2=" ">
    <subfield code="a">708</subfield>
    <subfield code="b">H364m.mx</subfield>
  </datafield>
  <datafield tag="100" ind1="1" ind2=" ">
    <subfield code="a">Hatoum, Mona,</subfield>
    <subfield code="d">1952-</subfield>
    <subfield code="9">4255</subfield>
  </datafield>
  <datafield tag="245" ind1="1" ind2="0">
    <subfield code="a">Mona Hatoum :</subfield>
    <subfield code="b">26 febrero-21 abril 2002, Laboratorio Arte Alameda/Ciudad de M&#xE9;xico.</subfield>
    <subfield code="c">Pr&#xED;amo Lozada [Curador]</subfield>
  </datafield>
  <datafield tag="250" ind1=" " ind2=" ">
    <subfield code="a">1. ed.</subfield>
  </datafield>
  <datafield tag="260" ind1=" " ind2=" ">
    <subfield code="a">Ciudad de M&#xE9;xico :</subfield>
    <subfield code="b">Laboratorio Arte Alameda,</subfield>
    <subfield code="c">2002.</subfield>
  </datafield>
  <datafield tag="300" ind1=" " ind2=" ">
    <subfield code="a">78 p. :</subfield>
    <subfield code="b">ill. (col.) ;</subfield>
    <subfield code="c">26 cm.</subfield>
  </datafield>
  <datafield tag="504" ind1=" " ind2=" ">
    <subfield code="a">Includes bibliographical references.</subfield>
  </datafield>
  <datafield tag="505" ind1=" " ind2=" ">
    <subfield code="t">Presentaci&#xF3;n / Paloma Porraz Fraser</subfield>
    <subfield code="t">"B&#xE9;beme" "C&#xF3;meme" / Francisco Reyes Palma</subfield>
    <subfield code="t">El arte n&#xF3;mada / Mar&#xED;a In&#xE9;s Garc&#xED;a Canal</subfield>
    <subfield code="t">"Drink me" "Eat me" / Francisco Reyes Palma</subfield>
    <subfield code="t">Normadic Art / Mar&#xED;a In&#xE9;s Garc&#xED;a Canal</subfield>
  </datafield>
  <datafield tag="546" ind1=" " ind2=" ">
    <subfield code="a">Spanish and English.</subfield>
  </datafield>
  <datafield tag="600" ind1="1" ind2="0">
    <subfield code="a">Hatoum, Mona,</subfield>
    <subfield code="d">1952-</subfield>
    <subfield code="v">Exhibitions.</subfield>
    <subfield code="9">4252</subfield>
  </datafield>
  <datafield tag="650" ind1=" " ind2="0">
    <subfield code="a">Installations (Art)</subfield>
    <subfield code="z">M&#xE9;xico</subfield>
    <subfield code="z">M&#xE9;xico City</subfield>
    <subfield code="v">Exhibitions.</subfield>
    <subfield code="9">4256</subfield>
    <subfield code="y">Siglo 21</subfield>
  </datafield>
  <datafield tag="650" ind1=" " ind2="0">
    <subfield code="a">Instalaciones (Arte)</subfield>
    <subfield code="z">M&#xE9;xico</subfield>
    <subfield code="v">Exhibiciones</subfield>
    <subfield code="9">4273</subfield>
  </datafield>
  <datafield tag="650" ind1=" " ind2="0">
    <subfield code="a">Video art</subfield>
    <subfield code="z">M&#xE9;xico</subfield>
    <subfield code="z">M&#xE9;xico City</subfield>
    <subfield code="v">Exhibitions.</subfield>
    <subfield code="9">4257</subfield>
  </datafield>
  <datafield tag="650" ind1=" " ind2="0">
    <subfield code="a">Laboratorio Arte Alameda</subfield>
    <subfield code="9">4274</subfield>
  </datafield>
  <datafield tag="700" ind1=" " ind2=" ">
    <subfield code="a">Lozada, Pr&#xED;amo [Curador]</subfield>
    <subfield code="9">4308</subfield>
  </datafield>
  <datafield tag="700" ind1=" " ind2=" ">
    <subfield code="a">Porraz Fraser, Paloma</subfield>
    <subfield code="9">4309</subfield>
  </datafield>
  <datafield tag="700" ind1=" " ind2=" ">
    <subfield code="a">Reyes Palma, Francisco</subfield>
    <subfield code="9">4310</subfield>
  </datafield>
  <datafield tag="700" ind1=" " ind2=" ">
    <subfield code="a">Garc&#xED;a Canal, Mar&#xED;a In&#xE9;s</subfield>
    <subfield code="9">4311</subfield>
  </datafield>
  <datafield tag="710" ind1="2" ind2=" ">
    <subfield code="a">Laboratorio Arte Alameda.</subfield>
    <subfield code="9">2793</subfield>
  </datafield>
  <datafield tag="999" ind1=" " ind2=" ">
    <subfield code="c">798</subfield>
    <subfield code="d">798</subfield>
  </datafield>
  <datafield tag="952" ind1=" " ind2=" ">
    <subfield code="0">0</subfield>
    <subfield code="1">0</subfield>
    <subfield code="2">ddc</subfield>
    <subfield code="4">0</subfield>
    <subfield code="7">0</subfield>
    <subfield code="a">LV</subfield>
    <subfield code="b">LV</subfield>
    <subfield code="c">Monograf&#xED;as</subfield>
    <subfield code="d">2015-11-27</subfield>
    <subfield code="l">0</subfield>
    <subfield code="o">708 H364m.mx</subfield>
    <subfield code="p">000815</subfield>
    <subfield code="r">2015-11-27 00:00:00</subfield>
    <subfield code="w">2015-11-27</subfield>
    <subfield code="y">01</subfield>
  </datafield>
</record>
